[Event "Ramadan Master Open"]
[Site "Abu Dhabi UAE"]
[Date "2010.08.19"]
[Round "8"]
[White "Narayanan,Sr"]
[Black "Gabuzyan,H"]
[Result "0-1"]
[WhiteElo "2409"]
[BlackElo "2261"]
[EventDate "2010.08.12"]

1. e4 c5 2. Nf3 d6 3. d4 cxd4 4. Nxd4 Nf6 5. Nc3 a6 6. h3 g6 7. g4 Bg7 8.
Bg2 O-O 9. Be3 Nc6 10. O-O Bd7 11. Nde2 b5 12. f4 b4 13. Nd5 Nxd5 14. exd5
Na5 15. b3 Bb5 16. Rf2 Rc8 17. Bd4 Bxd4 18. Nxd4 Qb6 19. Qd2 Rc3 20. f5 Nb7
21. Re1 Re8 22. Qf4 Nd8 23. Re4 Bd7 24. Qh6 gxf5 25. gxf5 Rg3 26. Qh4 Rg7
27. Rxe7 Rxe7 28. Qxe7 f6 29. Qxf6 Rf7 30. Qg5+ Rg7 31. Qh4 Nf7 32. Ne6
Bxe6 33. dxe6 Ng5 34. e7 Kf7 35. Qh5+ 0-1

[Event "Ramadan Master Open"]
[Site "Abu Dhabi UAE"]
[Date "2010.08.19"]
[Round "8"]
[White "Koohestani,S"]
[Black "Antonio,V"]
[Result "1-0"]
[WhiteElo "2345"]
[BlackElo "2208"]
[EventDate "2010.08.12"]

1. Nf3 Nf6 2. c4 g6 3. Nc3 Bg7 4. d4 O-O 5. Bf4 d6 6. Qd2 Bg4 7. Bh6 Bxf3
8. exf3 e5 9. d5 Nbd7 10. O-O-O Bxh6 11. Qxh6 a5 12. h4 Nh5 13. Ne4 f6 14.
g3 b6 15. Bh3 Nc5 16. Nxc5 bxc5 17. Be6+ Kh8 18. f4 exf4 19. g4 Ng7 20.
Qxf4 f5 21. g5 Nh5 22. Qe3 Qe7 23. Qc3+ Qg7 24. Qxg7+ Kxg7 25. Bd7 Nf4 26.
Bc6 Rab8 27. Rhe1 Ng2 28. Re6 Nf4 29. Re3 Ng2 30. Ra3 Nxh4 31. Rh1 Ng2 32.
Rf3 f4 33. Rfh3 h5 34. gxh6+ Kh7 35. Ra3 Rf7 36. Rxa5 Re7 37. Rb5 Rf8 38.
a4 Re4 39. Rb7 f3 40. Rxc7+ Kh8 41. a5 Nf4 42. Rd1 Nh3 43. Rd2 Re1+ 44. Kc2
Rf1 45. a6 Rxf2 46. Rxf2 Nxf2 47. a7 Ng4 48. a8=Q Rxa8 49. Bxa8 f2 50. Rf7
Ne3+ 51. Kd3 f1=Q+ 52. Rxf1 Nxf1 53. b4 Nh2 54. b5 Ng4 55. Bc6 Ne5+ 56. Kc3
Nf7 57. b6 Nd8 58. b7 Nxb7 59. Bxb7 Kh7 60. Kb3 Kxh6 61. Ka4 g5 62. Kb5 g4
63. Bc8 g3 64. Bh3 Kg5 65. Kc6 Kf4 66. Kxd6 1-0

[Event "Ramadan Master Open"]
[Site "Abu Dhabi UAE"]
[Date "2010.08.19"]
[Round "8"]
[White "Sarwat,W"]
[Black "AlHuwar,J"]
[Result "0-1"]
[WhiteElo "2379"]
[BlackElo "2311"]
[EventDate "2010.08.12"]

1. e4 e6 2. d4 d5 3. Nc3 Nf6 4. Bd3 c5 5. exd5 exd5 6. dxc5 Bxc5 7. Nf3 O-O
8. O-O h6 9. Ne2 Nc6 10. h3 Ne4 11. c3 Qb6 12. Ned4 Nxd4 13. cxd4 Bd6 14.
Re1 Bf5 15. Re2 Bc7 16. Be3 Rfe8 17. Rc1 Rad8 18. Rec2 Bb8 19. Nh4 Bd7 20.
Re2 Qf6 21. Nf3 Bxh3 22. Ne5 Be6 23. Re1 Qh4 24. Rc2 f6 25. g3 Qh3 26. Bf1
Qf5 27. Nd3 Bf7 28. Bf4 g5 29. Bxb8 Rxb8 30. Rc7 Rec8 31. g4 Qe6 32. Rxc8+
Qxc8 33. f3 Nd6 34. Nc5 b6 35. Na6 Rb7 36. Qd2 Rd7 37. Nb4 a5 38. Nc2 Nc4
39. Qh2 Kg7 40. b3 Nd6 41. Bd3 Qc3 42. Re3 Qb2 43. a4 Qc1+ 44. Re1 Qb2 45.
Re3 Qc1+ 46. Re1 Qf4 47. Qf2 h5 48. Qg2 Rc7 49. Rf1 Rc3 50. Qe2 hxg4 51.
Kg2 gxf3+ 52. Rxf3 Qg4+ 53. Kh2 Rc8 54. Qg2 Rc3 0-1

[Event "Ramadan Master Open"]
[Site "Abu Dhabi UAE"]
[Date "2010.08.19"]
[Round "8"]
[White "Faisal,Ab"]
[Black "Malakhatko,V"]
[Result "0-1"]
[WhiteElo "2282"]
[BlackElo "2576"]
[EventDate "2010.08.12"]

1. e4 e6 2. d4 d5 3. Nc3 Bb4 4. e5 b6 5. Qg4 Bf8 6. Bg5 Qd7 7. f4 Ba6 8.
Nf3 Bxf1 9. Rxf1 h6 10. Bh4 h5 11. Qh3 Nh6 12. O-O-O Nc6 13. Bg5 Ng4 14. f5
exf5 15. Nh4 Be7 16. Rxf5 g6 17. Bxe7 gxf5 18. Bg5 Rg8 19. Be3 O-O-O 20.
Ne2 f6 21. exf6 Rde8 22. Rd3 Nb4 23. Rb3 Qc6 24. Rc3 Nxa2+ 25. Kd2 Nxc3 26.
f7 Ne4+ 27. Kc1 Qf6 28. fxg8=Q Rxg8 29. Nf4 Nxe3 0-1

[Event "Ramadan Master Open"]
[Site "Abu Dhabi UAE"]
[Date "2010.08.19"]
[Round "8"]
[White "Tissir,M"]
[Black "Ankit,R"]
[Result "1/2-1/2"]
[WhiteElo "2466"]
[BlackElo "2362"]
[EventDate "2010.08.12"]

1. e4 c5 2. Nc3 Nc6 3. Bb5 Nd4 4. Bc4 e6 5. Nge2 Nf6 6. O-O a6 7. d3 b5 8.
Bb3 Nxb3 9. axb3 Bb7 10. Bg5 Be7 11. f4 d5 12. Bxf6 Bxf6 13. e5 Be7 14. d4
c4 15. f5 exf5 16. Rxf5 O-O 17. Qd2 f6 18. exf6 Bxf6 19. Raf1 Qd6 20. Kh1
Rae8 21. Ng1 Rf7 22. Nce2 Bc8 23. R5f2 Ref8 24. Qd1 Bg4 25. h3 Bh5 26. Qd2
Bg6 27. Qd1 b4 28. bxc4 dxc4 29. c3 Bd3 30. Rf3 bxc3 31. bxc3 Re8 32. Rxd3
cxd3 33. Qxd3 Rfe7 34. Nf4 Kh8 35. Qg3 Qb8 36. Qg4 Qb5 37. Rd1 Qg5 38. Nf3
Re4 39. g3 Re3 40. Kg2 Rxc3 41. Rb1 1/2-1/2

[Event "Ramadan Master Open"]
[Site "Abu Dhabi UAE"]
[Date "2010.08.19"]
[Round "8"]
[White "El Arousy,A"]
[Black "Raetsky,A"]
[Result "1-0"]
[WhiteElo "2251"]
[BlackElo "2442"]
[EventDate "2010.08.12"]

1. Nf3 d5 2. d4 Nc6 3. c4 Bg4 4. Nc3 Bxf3 5. exf3 e6 6. cxd5 exd5 7. Bb5 a6
8. Bxc6+ bxc6 9. O-O Bd6 10. Be3 Qh4 11. g3 Qh3 12. Qa4 Qd7 13. Rac1 Ne7
14. Kg2 O-O 15. Rfe1 Rfb8 16. Qc2 Nf5 17. a3 a5 18. Na4 Ra6 19. Qd3 Rba8
20. Re2 h6 21. Bd2 R6a7 22. h4 Rb8 23. h5 Raa8 24. Rce1 Rb5 25. g4 Ne7 26.
Nc5 Rxc5 27. dxc5 Bxc5 28. Bxa5 Bd6 29. Bc3 c5 30. Be5 c4 31. Qd4 c5 32.
Qd1 Ra7 33. Bxd6 Qxd6 34. Rxe7 Rxe7 35. Rxe7 Qxe7 36. Qxd5 Qf6 37. Qxc4
Qxb2 38. Qxc5 g6 39. a4 Qa2 40. a5 Kg7 41. Qb5 Qa3 42. hxg6 fxg6 43. Qb7+
Kf6 44. a6 1-0

[Event "Ramadan Master Open"]
[Site "Abu Dhabi UAE"]
[Date "2010.08.19"]
[Round "8"]
[White "Ibrahim,I UAE"]
[Black "Omearat,A"]
[Result "0-1"]
[WhiteElo "2157"]
[BlackElo "2218"]
[EventDate "2010.08.12"]

1. e4 c5 2. c3 d5 3. exd5 Qxd5 4. d4 g6 5. dxc5 Qxc5 6. Be3 Qc7 7. Na3 Nc6
8. Nb5 Qb8 9. Bc4 a6 10. Nd4 Ne5 11. Bf4 Qc7 12. Bb3 Nd3+ 13. Qxd3 Qxf4 14.
Ba4+ b5 15. Nge2 Qc7 16. Bb3 Nf6 17. a4 Bg7 18. axb5 e5 19. Nc2 O-O 20. O-O
Bf5 21. Qe3 Bxc2 22. Bxc2 axb5 23. Bb3 b4 24. cxb4 Rab8 25. Rfc1 Qe7 26.
Rc5 Rxb4 27. Rxe5 Qd6 28. Rd1 Qb8 29. Bxf7+ Rxf7 30. Re7 Rb7 31. Rxb7 Qxb7
32. b3 Qe7 33. Qd3 Ng4 34. Qc4 Nxf2 35. Rf1 Qe3 0-1

[Event "Ramadan Master Open"]
[Site "Abu Dhabi UAE"]
[Date "2010.08.19"]
[Round "8"]
[White "Guliev,Sarh"]
[Black "Korobov,A"]
[Result "1/2-1/2"]
[WhiteElo "2485"]
[BlackElo "2657"]
[EventDate "2010.08.12"]

1. d4 Nf6 2. c4 g6 3. Nf3 Bg7 4. g3 O-O 5. Bg2 d6 6. Nc3 Nbd7 7. O-O e5 8.
e4 a6 9. Re1 exd4 10. Nxd4 Ne5 11. b3 c5 12. Nc2 Rb8 13. a4 Ne8 14. Bb2 Nc7
15. Rb1 Re8 16. h3 Nc6 17. Re2 b5 18. axb5 axb5 19. Rd2 Re6 20. Nxb5 Nxb5
21. Bxg7 Kxg7 22. cxb5 Rxb5 23. e5 Nxe5 24. f4 Nd7 25. Na3 Rb4 26. Nc4 Nf6
27. f5 Re7 28. Nxd6 Rd7 29. Bc6 Rxd6 30. Rxd6 Qc7 31. g4 gxf5 32. Qd2 f4
33. g5 Ne4 34. Bxe4 Rxe4 35. Qc3+ Kg8 36. Qf6 Re8 37. Qxf4 Qa7 38. h4 c4+
39. Qd4 Qxd4+ 40. Rxd4 cxb3 41. Rxb3 Be6 42. Rbd3 Kg7 43. Rf3 h6 44. Rg3
Ra8 45. gxh6+ Kxh6 46. Rg5 Ra1+ 47. Kh2 Ra2+ 48. Rg2 Ra8 49. Rf4 Rb8 50.
Rg5 Rb3 51. Kg2 Kh7 52. Rf3 Rb4 53. Kg3 Ra4 54. Rf6 Ra3+ 55. Rf3 Ra4 56.
Rf4 Ra3+ 57. Kf2 Rb3 58. Rd4 Ra3 59. Rh5+ Kg7 60. Rd8 Ra2+ 61. Ke3 Ra3+ 62.
Kd4 Ra4+ 63. Kc3 Kf6 64. Rg8 Ra3+ 65. Kb4 Rh3 66. Kc5 Bf5 67. Kd4 Bg6 68.
Rh6 Rd3+ 69. Kc4 Rh3 70. Rhh8 Bd3+ 71. Kc5 Bg6 72. Kd6 Rd3+ 73. Kc7 Rc3+
74. Kd8 Rd3+ 75. Kc7 Rc3+ 1/2-1/2

[Event "Ramadan Master Open"]
[Site "Abu Dhabi UAE"]
[Date "2010.08.20"]
[Round "9"]
[White "Guliev,Sarh"]
[Black "Grigoryan,Av"]
[Result "1-0"]
[WhiteElo "2485"]
[BlackElo "2584"]
[EventDate "2010.08.12"]

1. d4 Nf6 2. Nf3 c5 3. e3 g6 4. Be2 Bg7 5. O-O cxd4 6. exd4 d5 7. c4 O-O 8.
Nc3 Nc6 9. h3 Be6 10. Bg5 Rc8 11. cxd5 Bxd5 12. Ne5 Ne4 13. Nxe4 Bxe4 14.
Bg4 Rc7 15. Re1 Qd5 16. Rc1 Rd8 17. Bf4 Nxe5 18. Rxc7 Nd3 19. Rxe7 Nxe1 20.
Qxe1 f5 21. Bd1 Qxd4 22. Bb3+ Kh8 23. Qa5 b6 24. Qxa7 Bd5 25. Qc7 Bxb3 26.
Rxg7 Rc8 27. Qxc8+ Kxg7 28. Qc7+ 1-0

[Event "Ramadan Master Open"]
[Site "Abu Dhabi UAE"]
[Date "2010.08.20"]
[Round "9"]
[White "Anastasian,A"]
[Black "Arun Prasad,S"]
[Result "1/2-1/2"]
[WhiteElo "2578"]
[BlackElo "2535"]
[EventDate "2010.08.12"]

1. c4 c6 2. Nf3 d5 3. e3 Nf6 4. Nc3 e6 5. b3 Nbd7 6. Qc2 b6 7. Bb2 Bb7 8.
Be2 Bd6 9. O-O O-O 10. Rac1 Rc8 11. Qb1 a6 12. d4 Qe7 13. Rfd1 Rfd8 14. h3
Bb8 15. a4 c5 16. cxd5 exd5 17. Qf5 Qe6 18. Bd3 cxd4 19. Nxd4 Qd6 20. g3
Nc5 21. Bf1 Nce4 22. Nxe4 Nxe4 23. Qf3 g6 24. Bd3 Qe7 25. h4 h5 26. Qe2 Nc5
27. Bf5 Rc7 28. Bh3 Ne4 29. Rxc7 Bxc7 30. Rc1 Be5 31. Bg2 Bg7 32. Nf3 Rc8
33. Rxc8+ Bxc8 34. Bxg7 Kxg7 35. Qb2+ Qf6 36. Nd4 a5 37. Bxe4 dxe4 38. Qc2
Bb7 39. Qc7 Ba6 40. Qc3 Kh7 41. b4 axb4 42. Qxb4 Bd3 43. a5 bxa5 44. Qxa5
Kg7 45. Kg2 Qd6 46. Qa4 Qc5 47. Qa1 Kh7 48. Qa2 Kg7 49. Qb2 Qe5 50. Qc3 Qf6
51. Qc5 Kg8 52. Qc7 Kg7 53. Qb8 Bc4 1/2-1/2

[Event "Ramadan Master Open"]
[Site "Abu Dhabi UAE"]
[Date "2010.08.20"]
[Round "9"]
[White "Guseinov,G"]
[Black "Khouri,I"]
[Result "1-0"]
[WhiteElo "2611"]
[BlackElo "2208"]
[EventDate "2010.08.12"]

1. e4 e5 2. Nf3 Nf6 3. d4 Nxe4 4. Bd3 d5 5. dxe5 Nc5 6. Be2 Be7 7. O-O O-O
8. Be3 Ne4 9. c4 c6 10. Qc1 Bg4 11. h3 Bxf3 12. Bxf3 Ng5 13. Bg4 d4 14.
Bxg5 Bxg5 15. f4 Bh6 16. Nd2 Re8 17. Qc2 Na6 18. Ne4 Re7 19. Nd6 g6 20. c5
Qa5 21. Qf2 Bf8 22. Qh4 Nxc5 23. f5 Qd8 24. f6 Rc7 25. Rad1 d3 26. b4 Na6
27. a3 h5 28. Rxd3 Rd7 1-0

[Event "Ramadan Master Open"]
[Site "Abu Dhabi UAE"]
[Date "2010.08.20"]
[Round "9"]
[White "Amin,B"]
[Black "Koohestani,S"]
[Result "1-0"]
[WhiteElo "2568"]
[BlackElo "2345"]
[EventDate "2010.08.12"]

1. Nf3 Nf6 2. g3 b6 3. Bg2 Bb7 4. O-O e6 5. d3 d5 6. Nbd2 Nbd7 7. Re1 Bc5
8. h3 Nf8 9. c3 Ng6 10. e4 dxe4 11. dxe4 e5 12. Qc2 a5 13. Nc4 Qe7 14. Nh2
O-O 15. Ne3 Bxe3 16. Bxe3 Rfd8 17. Nf1 Nd7 18. h4 Nc5 19. Rad1 Ba6 20. Rd5
Nd7 21. Red1 Bc4 22. R5d2 a4 23. Bh3 Ngf8 24. b3 axb3 25. axb3 Be6 26. Bxe6
Nxe6 27. Rd5 Rac8 28. b4 c6 29. Rd6 Nf6 30. Rxd8+ Rxd8 31. Bxb6 Rxd1 32.
Qxd1 Qb7 33. Ba5 Nxe4 34. Qe1 c5 35. Ne3 f6 36. Qe2 Nd6 37. bxc5 Nxc5 38.
Bb4 Nce4 39. Qa2+ Nf7 40. Qe6 h5 41. Nd5 Kh8 42. Qe8+ Kh7 43. Ne7 Qb6 44.
Qg8+ Kh6 45. Nf5+ Kg6 46. Qxg7+ Kxf5 47. Qh7+ Ke6 48. Qxe4 Qb5 49. Qf3 Qd7
50. Qxh5 e4 51. Qg4+ f5 52. Qg6+ Kd5 53. Qb6 Kc4 54. Kg2 f4 55. Qa6+ Kb3
56. Qa3+ Kc4 57. Qa2+ Kb5 58. Qe2+ Qd3 59. Qh5+ Ka4 60. Qxf7 e3 61. Qa2+
Kb5 62. Qa5+ Kc6 63. gxf4 Qe4+ 64. Kg3 e2 65. Qa8+ 1-0

[Event "Ramadan Master Open"]
[Site "Abu Dhabi UAE"]
[Date "2010.08.20"]
[Round "9"]
[White "Sharbaf,M"]
[Black "El Arousy,A"]
[Result "1-0"]
[WhiteElo "2370"]
[BlackElo "2251"]
[EventDate "2010.08.12"]

1. d4 d5 2. Nf3 c6 3. Nc3 Nf6 4. Bf4 Bf5 5. Ne5 Nh5 6. e4 Bg6 7. Be3 e6 8.
Nxg6 hxg6 9. e5 g5 10. h4 Nf4 11. g3 Ng6 12. Bxg5 Qb6 13. Rb1 c5 14. Na4
Qc6 15. c3 b5 16. Nxc5 Bxc5 17. dxc5 Nxe5 18. Bg2 Qxc5 19. O-O Nbc6 20. Re1
O-O 21. Bf4 Nd7 22. h5 Rfe8 23. Be3 Qd6 24. Bf4 Qc5 25. Qe2 Rad8 26. b4 Qb6
27. h6 g6 28. Be3 Qb7 29. a4 a6 30. Bf1 Rb8 31. Bf4 e5 32. Bg5 e4 33. f4 f6
34. Bh4 Kh7 35. axb5 axb5 36. Bh3 d4 37. Qa2 Kxh6 38. Qf7 Rh8 39. Bg5+ fxg5
40. fxg5+ Kh5 41. Qf4 1-0

[Event "Ramadan Master Open"]
[Site "Abu Dhabi UAE"]
[Date "2010.08.20"]
[Round "9"]
[White "Omearat,A"]
[Black "Tissir,M"]
[Result "0-1"]
[WhiteElo "2218"]
[BlackElo "2466"]
[EventDate "2010.08.12"]

1. d4 Nf6 2. Nf3 g6 3. c4 Bg7 4. g3 O-O 5. Bg2 d6 6. O-O Nbd7 7. Nc3 e5 8.
e4 c6 9. h3 Qa5 10. Re1 exd4 11. Nxd4 Ne5 12. Bf1 Re8 13. Nb3 Qc7 14. f4
Ned7 15. Bg2 a5 16. Be3 a4 17. Nd4 Qa5 18. Nc2 Qc7 19. Na3 Bf8 20. Qd2 Nc5
21. Bxc5 dxc5 22. e5 Rd8 23. Qe3 Ne8 24. g4 Qb6 25. Qf2 f5 26. gxf5 Bxf5
27. Be4 Ng7 28. Bxf5 Nxf5 29. Ne4 Be7 30. Nf6+ Kg7 31. Rad1 Bxf6 32. exf6+
Kxf6 33. Qe2 Qc7 34. Qf3 Rxd1 35. Rxd1 Rd8 36. Re1 Rd4 37. Rf1 Qd6 38. Qg4
Rd3 39. Rf3 Qd4+ 0-1

[Event "Ramadan Master Open"]
[Site "Abu Dhabi UAE"]
[Date "2010.08.20"]
[Round "9"]
[White "Ankit,R"]
[Black "Antonio,V"]
[Result "0-1"]
[WhiteElo "2362"]
[BlackElo "2208"]
[EventDate "2010.08.12"]

1. e4 c5 2. Nf3 d6 3. d4 cxd4 4. Nxd4 Nf6 5. Nc3 g6 6. Be3 Bg7 7. f3 O-O 8.
Qd2 Nc6 9. Bc4 Bd7 10. O-O-O Rc8 11. Bb3 Ne5 12. Kb1 Re8 13. h4 h5 14. g4
hxg4 15. h5 Nxh5 16. Bh6 Bf6 17. Nd5 Rc5 18. Nxf6+ exf6 19. Rdg1 Qc8 20.
Bf4 d5 21. fxg4 Nxg4 22. exd5 Re4 23. Bd6 Rc4 24. Ne2 Bf5 25. Bxc4 Qxc4 26.
Nc3 Rd4 27. Qe1 Qc8 28. Qe2 Qd7 29. Rxh5 gxh5 30. Bc5 Rf4 31. Be3 Rb4 32.
a3 Re4 33. Nxe4 Bxe4 34. Bd4 Qxd5 35. Bc3 Bg6 36. Re1 Kg7 37. Bb4 a5 38.
Bc3 Bf5 39. a4 Qb3 40. Rf1 Qxc2+ 41. Qxc2 Bxc2+ 42. Kc1 Bxa4 43. Bxa5 Bc6
44. Kd2 h4 45. Rf4 Bd7 46. Bc7 f5 47. Rf1 Kg6 48. Bf4 Bc6 49. Rg1 h3 50.
Rg3 Bg2 51. Ke2 Kf6 52. Rb3 h2 0-1

[Event "Ramadan Master Open"]
[Site "Abu Dhabi UAE"]
[Date "2010.08.20"]
[Round "9"]
[White "Faisal,Ab"]
[Black "Sarwat,W"]
[Result "1-0"]
[WhiteElo "2282"]
[BlackElo "2379"]
[EventDate "2010.08.12"]

1. d4 d5 2. Nf3 Nf6 3. Bf4 Bf5 4. e3 e6 5. Bd3 Bg6 6. O-O Bd6 7. Bxd6 Qxd6
8. c4 dxc4 9. Bxc4 Nbd7 10. Nc3 a6 11. Re1 O-O 12. e4 Qc6 13. Bd3 Rad8 14.
Rc1 Qb6 15. e5 Ng4 16. Bxg6 fxg6 17. Qb3 Qxb3 18. axb3 c6 19. Ne4 Rfe8 20.
Nd6 Re7 21. h3 Nh6 22. Nxb7 Rc8 23. Nd6 Rc7 24. Rc4 Nf7 25. Ra1 h6 26. Rxa6
Kh7 27. Rcxc6 Nb8 28. Rxc7 Rxc7 29. Rb6 Nd7 30. Rb7 Rxb7 31. Nxb7 Nb6 32.
Kf1 g5 33. Ke2 Kg6 34. Kd3 Nd5 35. Kc4 h5 36. b4 g4 37. hxg4 hxg4 38. Ne1
Ng5 39. Nd6 Nh7 40. Nc2 g3 41. fxg3 Nf8 42. Kc5 Nd7+ 43. Kc6 Nb8+ 44. Kb7
Nd7 45. Ne4 Kf5 46. Nc5 Nf8 47. Kc6 g5 48. b5 Kg4 49. b6 Nxb6 50. Kxb6 Kxg3
51. Nxe6 Nxe6 52. d5 Nf4 53. Kc6 Kxg2 54. e6 Nh5 55. e7 Ng7 56. d6 g4 57.
d7 1-0

[Event "Ramadan Master Open"]
[Site "Abu Dhabi UAE"]
[Date "2010.08.20"]
[Round "9"]
[White "Raetsky,A"]
[Black "Khademalsharieh,S"]
[Result "1-0"]
[WhiteElo "2442"]
[BlackElo "2097"]
[EventDate "2010.08.12"]

1. e4 e5 2. f4 exf4 3. Nf3 d6 4. d4 g5 5. h4 g4 6. Ng1 Bh6 7. Ne2 Qf6 8.
Nbc3 c6 9. g3 fxg3 10. Nxg3 Bxc1 11. Rxc1 h5 12. Bg2 Ne7 13. e5 dxe5 14.
Nce4 Qh6 15. O-O f5 16. dxe5 Qe3+ 17. Kh1 O-O 18. Qd6 Rf7 19. Rce1 Qb6 20.
Qh6 Qd8 1-0